1637 1108 1282 1119 1420 1548 1655 1653 1252 1573 1555 1389 1117 1482 1933 1934 1477 1003 1520 1562 1722 1458 1208 1839 1640 1429 1088 1251 1157 1133 1304 1658 1108 1541 1785 1568 1213 1883 1138 1882 1132 1972 1128 1427 1955 1374 1627 1039 1695 1363 1684 1986 1959 1317 1588 1874 1510 1941 1067 1925 1928 1281 1331 1289 1902 1506 1583 1481 1359 1638 1998 1668 1357 1146 1977 1448 1369 1458 1049 1727 1399 1535 1724 1524 1815 1030 1674 1320 1307 1457 1537 1188 1633 1607 1393 1633 1567 1775 1183 BCNSPRNW ULIB Ver.6.0+V

เปลี่ยนเป็นภาษาไทย

Change to English
 แสดงรายละเอียดบรรณานุกรม
  กลับหน้าหลัก

Brief Record : Get Marc (ISO 2709) : E-mail record : QR code < ปิดหน้าต่าง
LEADER : 00000nam 2200000uu 4500
001    13399126898
003     ULIB
008    190830s2562||||th 000 0 tha d
020    ^a9786162715112
060  0 ^aWB105^bด153อ
100    ^aดวงกมล เอี่ยวเรืองสุรัติ.
245    ^aอายุรศาสตร์สงขลานครินทร์ เล่ม 1 =^bการดูแลผู้ป่วยวิกฤตและฉุกเฉินทางอายุรศาสตร์/ ดวงกมล เอี่ยวเรืองสุรัติ,บรรณาธิการ และคนอื่นๆ
246 0  ^aการดูแลผู้ป่ววยวิกฤตและฉุกเฉินทางอายุรศาสตร์
250    ^aพิมพ์ครั้งที่ 1
260    ^aกรุงเทพฯ:^bสหมิตรพัฒนาการพิมพ์,^c2562.
300    ^a225 หน้า:^bภาพประกอบ;^c26 ซม.
650  0 ^aอายุรศาสตร์
650  0 ^aผู้ป่วย--การดุแล.
650  0 ^aเวชศาสตร์ฉุกเฉิน.
650  0 ^aการดูแลขั้นวิกฤต.
700 0  ^aพัฒน์ ก่อรัตนคุณ.
710 1  ^aภาควิชาอายุรศาสตร์ คณะแพทยศาสตร์ มหาวิทยาลัยสงขลานครินทร์
945    ^p340^l0^i27552
945    ^p340^l0^i27551
945    ^p340^l0^i27550
945    ^p340^l0^i27554
945    ^p340^l0^i27553
945    ^p340^l0^i28406
945    ^p340^l0^i28407
945    ^p340^l0^i28408
945    ^p340^l0^i28409
945    ^p340^l0^i28410
999    ^aกัณชพร จุลอักษร
รายการนี้ยังไม่มีแท็ก
คุณยังไม่ได้ล็อกอิน คุณสามารถมีกิจกรรมร่วมกับเว็บไซต์ได้ แต่ต้องล็อกอินก่อน ::
  ล็อกอิน

รายการสื่อสารสนเทศ

ลำดับที่ ประเภท เลขเรียก/บาร์โค้ด สถานที่ สถานะ
1. หนังสือสำรอง
หนังสือสำรอง
WB105 ด153อ ฉ.1 
  Barcode: 27550
ห้องสมุดวิทยาเขตนครสวรรค์
►หนังสือทั่วไป:l:General Books
บนชั้น
2. วิทยาศาสตร์การแพทย์ และสุขภาพ
วิทยาศาสตร์การแพทย์ และสุขภาพ
WB105 ด153อ ฉ.10 
  Barcode: 28410
ห้องสมุดวิทยาเขตนครสวรรค์
►หนังสือทั่วไป:l:General Books
บนชั้น
3. วิทยาศาสตร์การแพทย์ และสุขภาพ
วิทยาศาสตร์การแพทย์ และสุขภาพ
WB105 ด153อ ฉ.2 
  Barcode: 27551
ห้องสมุดวิทยาเขตนครสวรรค์
►หนังสือทั่วไป:l:General Books
บนชั้น
4. วิทยาศาสตร์การแพทย์ และสุขภาพ
วิทยาศาสตร์การแพทย์ และสุขภาพ
WB105 ด153อ ฉ.3 
  Barcode: 27552
ห้องสมุดวิทยาเขตนครสวรรค์
►หนังสือทั่วไป:l:General Books
บนชั้น
5. วิทยาศาสตร์การแพทย์ และสุขภาพ
วิทยาศาสตร์การแพทย์ และสุขภาพ
WB105 ด153อ ฉ.4 
  Barcode: 27553
ห้องสมุดวิทยาเขตนครสวรรค์
►หนังสือทั่วไป:l:General Books
บนชั้น
6. วิทยาศาสตร์การแพทย์ และสุขภาพ
วิทยาศาสตร์การแพทย์ และสุขภาพ
WB105 ด153อ ฉ.5 
  Barcode: 27554
ห้องสมุดวิทยาเขตนครสวรรค์
►หนังสือทั่วไป:l:General Books
บนชั้น
7. วิทยาศาสตร์การแพทย์ และสุขภาพ
วิทยาศาสตร์การแพทย์ และสุขภาพ
WB105 ด153อ ฉ.6 
  Barcode: 28406
ห้องสมุดวิทยาเขตนครสวรรค์
►หนังสือทั่วไป:l:General Books
บนชั้น
8. วิทยาศาสตร์การแพทย์ และสุขภาพ
วิทยาศาสตร์การแพทย์ และสุขภาพ
WB105 ด153อ ฉ.7 
  Barcode: 28407
ห้องสมุดวิทยาเขตนครสวรรค์
►หนังสือทั่วไป:l:General Books
บนชั้น
9. วิทยาศาสตร์การแพทย์ และสุขภาพ
วิทยาศาสตร์การแพทย์ และสุขภาพ
WB105 ด153อ ฉ.8 
  Barcode: 28408
ห้องสมุดวิทยาเขตนครสวรรค์
►หนังสือทั่วไป:l:General Books
บนชั้น
10. วิทยาศาสตร์การแพทย์ และสุขภาพ
วิทยาศาสตร์การแพทย์ และสุขภาพ
WB105 ด153อ ฉ.9 
  Barcode: 28409
ห้องสมุดวิทยาเขตนครสวรรค์
►หนังสือทั่วไป:l:General Books
บนชั้น

รายการใกล้เคียง
    ผู้แต่ง [ดวงกมล เอี่ยวเรืองสุรัติ.]

    หัวเรื่อง [อายุรศาสตร์]
    หัวเรื่อง [ผู้ป่วย--การดุแล.]
    หัวเรื่อง [เวชศาสตร์ฉุกเฉิน.]
    หัวเรื่อง [การดูแลขั้นวิกฤต.]

BibComment


ยังไม่เคยถูกคอมเมนท์

คอมเมนท์ทรัพยากรรายการนี้
  คอมเมนท์: อายุรศาสตร์สงขลา..


 Copyright 2026. Bcnsprnw @Library